000 01406nam a2200289Ii 4500
001 prepparticipatio00haye
003 CaSfIA
005 20210118211825.0
007 cr||||
008 800125s1977 nyua 000 0 eng d
040 _aMFM
_cMFM
_dCaSfIA
035 _a(OCoLC)5915195
090 _aHQ1061
_b.H3984
100 1 _aHayes, Stanley I.
245 1 0 _aPREP participation manual :
_h[electronic resource]
_breading and discussion material for PREP, a pre-retirement education program /
_cStanley I. Hayes; Peter G. Beatty.
260 _aBinghamton, New York :
_bAction for Older Persons, inc.,
_c1977.
300 _ai, 178 p. in various pagings :
_bill. ;
_c28 cm.
500 _aOn cover within binding: PREP for your future.
504 _aIncludes bibliographies.
650 0 _aRetirement.
740 0 0 _aPREP for your future.
856 4 1 _uhttp://www.archive.org/details/prepparticipatio00haye
_zFree eBook from the Internet Archive
856 4 2 _uhttp://www.openlibrary.org/books/OL24217228M
_zAdditional information and access via Open Library
942 _cEB
506 _fНеобхідна авторизація на https://archive.org/ (створення облікового запису безкоштовно)
506 _fНеобхідна авторизація на https://openlibrary.org/ (створення облікового запису безкоштовно)
999 _c538799
_d538799